[Event "Turkish Cup 2016"]
[Site "Manavgat TUR"]
[Date "2016.02.01"]
[Round "4.4"]
[White "Ali Marandi, Cemil Can"]
[Black "Ozen, Deniz"]
[Result "1/2-1/2"]
[WhiteTitle "IM"]
[BlackTitle "FM"]
[WhiteElo "2450"]
[BlackElo "2061"]
[WhiteTeam "HATAY"]
[BlackTeam "IZMIR"]
[WhiteFideId "6300529"]
[BlackFideId "6349196"]
[EventDate "2016.01.30"]

1. d4 d5 2. Nf3 Nf6 3. c4 e6 4. g3 Bb4+ 5. Bd2 Be7 6. Bg2 O-O 7. O-O Nbd7 8. Qc2
c6 9. Bf4 b6 10. Rd1 Ba6 11. Ne5 Nxe5 12. dxe5 Nd7 13. cxd5 cxd5 14. e4 d4 15.
Rxd4 Bc5 16. Rd1 g5 17. Bd2 Nxe5 18. Bc3 Qc7 19. Bd4 Rac8 20. Nc3 Bxd4 21. Rxd4
Rfd8 22. Rad1 Rxd4 23. Rxd4 Rd8 24. Qd2 Rxd4 25. Qxd4 g4 26. Qa4 Qc8 27. Qa3
Nf3+ 28. Bxf3 gxf3 29. Qd6 Qc4 30. Qd1 Qd3 31. h4 Kg7 32. Qc1 h6 33. Kh2 e5 34.
Qe1 h5 35. Qc1 f6 36. Qd1 Qxd1 37. Nxd1 Bd3 38. Nc3 Kg6 39. g4 hxg4 40. Kg3 f5
41. exf5+ Bxf5 42. a3 Be6 43. Nb5 Bd7 44. Nc7 Bf5 45. Nd5 Be6 46. Nb4 Kf5 47.
Nc2 Kg6 48. b4 a6 49. Ne3 Kh5 50. Nd1 Kg6 51. Nc3 Kh5 52. Na4 e4 53. Nxb6 e3 54.
fxe3 f2 55. Kxf2 Kxh4 56. Na4 g3+ 57. Kg1 Kg4 58. Nc5 Bc4 59. Kg2 Be2 60. a4
Bf3+ 61. Kf1 Bc6 62. Kg1 Kf3 63. e4 Bxa4 64. e5 Bb5 65. e6 Kf4 66. e7 Ke5 67.
Nxa6 Kd6 68. Nc7 Kxc7 69. Kg2 Kd7 70. Kxg3 Kxe7 1/2-1/2

[Event "Turkish Cup 2016"]
[Site "Manavgat TUR"]
[Date "2016.02.01"]
[Round "4.6"]
[White "Ozalp, Burak"]
[Black "Arat, Ufuk Sezen"]
[Result "0-1"]
[BlackTitle "IM"]
[WhiteElo "2131"]
[BlackElo "2421"]
[WhiteTeam "ANKARA"]
[BlackTeam "ISTANBUL"]
[WhiteFideId "6314210"]
[BlackFideId "6309089"]
[EventDate "2016.01.30"]

1. e4 c6 2. Nc3 d5 3. Nf3 Nf6 4. e5 Ne4 5. Ne2 Qb6 6. d4 c5 7. dxc5 Qxc5 8. Ned4
Nc6 9. Be2 Bg4 10. O-O Nxd4 11. Qxd4 Qxd4 12. Bb5+ Bd7 13. Nxd4 e6 14. Be2 Bc5
15. Be3 Rc8 16. c3 f6 17. f3 Nd2 18. Rfd1 Nc4 19. Bxc4 dxc4 20. exf6 gxf6 21.
Re1 Be7 22. Rad1 e5 23. Ne2 Ba4 24. Rd2 a6 25. Ng3 Rd8 26. Ree2 Kf7 27. Nf5 Rd3
28. b3 Bb5 29. Rxd3 cxd3 30. Rd2 Rd8 31. Bb6 Rd7 32. Nxe7 Kxe7 33. Kf2 f5 34.
Ke3 f4+ 35. Kf2 Ke6 36. g3 Rd6 37. Bc5 Rd5 38. Bf8 Be8 39. c4 Rd7 40. Bh6 Kf5
41. h4 fxg3+ 42. Kxg3 Bh5 43. Kf2 e4 44. f4 Rd6 45. Bf8 Rf6 46. Be7 Re6 47. Bc5
Kxf4 48. Ba7 e3+ 0-1

[Event "Turkish Cup 2016"]
[Site "Manavgat TUR"]
[Date "2016.02.01"]
[Round "4.7"]
[White "Koc, Ilkay"]
[Black "Tuncer, Tuna"]
[Result "1-0"]
[BlackTitle "FM"]
[WhiteElo "2045"]
[BlackElo "2353"]
[WhiteTeam "BURSA"]
[BlackTeam "ISTANBUL"]
[WhiteFideId "6304486"]
[BlackFideId "6349269"]
[EventDate "2016.01.30"]

1. d4 Nf6 2. c4 g6 3. Nc3 d5 4. Bg5 Ne4 5. Bh4 Nxc3 6. bxc3 dxc4 7. e3 Be6 8.
Nf3 Bg7 9. Be2 Nd7 10. O-O O-O 11. Qc2 h6 12. Nd2 c5 13. Bf3 Bf5 14. e4 g5 15.
Bg3 Bg6 16. Nxc4 cxd4 17. cxd4 b5 18. Ne3 Nb6 19. Rad1 Rc8 20. Qb3 a6 21. e5 Nc4
22. h4 Nxe3 23. Qxe3 f6 24. e6 b4 25. d5 Rc3 26. Qa7 Re8 27. d6 Kh7 28. dxe7 Qc8
29. Rfe1 Qc4 30. h5 Bf5 31. Qd7 Qc8 32. Bb7 Qc5 33. Bd6 Qb5 34. Bxb4 Rc2 35.
Qxb5 axb5 36. Rd8 1-0

[Event "Turkish Cup 2016"]
[Site "Manavgat TUR"]
[Date "2016.02.01"]
[Round "4.8"]
[White "Akdogan, Alperen"]
[Black "Yurtseven, Melih"]
[Result "0-1"]
[BlackTitle "FM"]
[WhiteElo "2114"]
[BlackElo "2332"]
[WhiteTeam "ISTANBUL"]
[BlackTeam "KAYSERI"]
[WhiteFideId "6347363"]
[BlackFideId "6312160"]
[EventDate "2016.01.30"]

1. d4 g6 2. Nf3 Bg7 3. c4 d6 4. Nc3 Nd7 5. e4 c6 6. Be2 a6 7. a4 a5 8. Be3 Ngf6
9. h3 Qc7 10. O-O O-O 11. Qd2 e5 12. d5 Nc5 13. Bxc5 dxc5 14. Rad1 Re8 15. Ne1
Qe7 16. Qe3 Qf8 17. Nd3 Nd7 18. Bg4 Bh6 19. Qg3 Bg7 20. dxc6 bxc6 21. Bxd7 Bxd7
22. Nxc5 Bc8 23. Nd7 Qb4 24. f4 Qxb2 25. f5 Bxd7 26. Rxd7 Rad8 27. Qd3 Rxd7 28.
Qxd7 Rf8 29. Qd3 Bh6 30. Rd1 Qb6+ 31. Kh1 Qe3 32. Qxe3 Bxe3 33. Rd6 Rc8 34. g4
Kf8 35. Rd7 Ke8 36. Rd3 Bc5 37. Nb1 Rb8 38. Nd2 Rb4 39. Rb3 Rxa4 40. Rb8+ Ke7
41. g5 Ra1+ 42. Rb1 Rxb1+ 43. Nxb1 Bb4 0-1

[Event "Turkish Cup 2016"]
[Site "Manavgat TUR"]
[Date "2016.02.01"]
[Round "4.9"]
[White "Kilic, Efe Mert"]
[Black "Apaydin, Fethi"]
[Result "1/2-1/2"]
[BlackTitle "FM"]
[WhiteElo "1998"]
[BlackElo "2234"]
[WhiteTeam "KOCAELI"]
[BlackTeam "ISTANBUL"]
[WhiteFideId "6354327"]
[BlackFideId "6302521"]
[EventDate "2016.01.30"]

1. e4 c5 2. Nf3 Nc6 3. Bb5 d6 4. O-O Bd7 5. Re1 Nf6 6. c3 a6 7. Bf1 Bg4 8. d4
cxd4 9. cxd4 e5 10. d5 Nd4 11. Be3 Nxf3+ 12. gxf3 Bc8 13. a4 Be7 14. Nd2 Nh5 15.
Nc4 Bg5 16. Qb3 O-O 17. Qb6 Bxe3 18. fxe3 Qf6 19. Qxd6 Qxf3 20. Bg2 Qf6 21. Qxf6
Nxf6 22. Nxe5 Re8 23. Nc4 Nxe4 24. Bxe4 Rxe4 25. Nb6 Rb8 26. Rac1 Bh3 27. d6 Kf8
28. Red1 Rd8 29. d7 Be6 30. Kf2 Rb4 31. a5 Rxb2+ 32. Kf3 Rxh2 33. Rc8 Ke7 34.
Rcc1 1/2-1/2

[Event "Turkish Cup 2016"]
[Site "Manavgat TUR"]
[Date "2016.02.01"]
[Round "4.10"]
[White "Eminov, Orkhan"]
[Black "Kilic, Ihsan"]
[Result "1-0"]
[WhiteTitle "FM"]
[WhiteElo "2263"]
[BlackElo "2061"]
[WhiteTeam "ANKARA"]
[BlackTeam "MERSIN"]
[WhiteFideId "13402153"]
[BlackFideId "6305334"]
[EventDate "2016.01.30"]

1. e4 e5 2. d4 exd4 3. Nf3 Nc6 4. Bc4 Nf6 5. e5 d5 6. Bb5 Ne4 7. Nxd4 Bd7 8.
Bxc6 bxc6 9. O-O Bc5 10. Be3 Bb6 11. f3 Ng5 12. f4 Ne4 13. Nd2 Nxd2 14. Qxd2 O-O
15. c3 Qe7 16. Rae1 c5 17. Nb3 Bc6 18. f5 Qxe5 19. Bg5 Qd6 20. Be7 Qd7 21. f6
Qg4 22. Re3 d4 23. Rg3 Qh5 24. Rg5 Qh4 25. Rxg7+ Kh8 26. Rf4 Qh5 27. g3 Rfd8 28.
Rh4 Qxh4 29. gxh4 dxc3 30. Qh6 Rd1+ 31. Kf2 c4+ 1-0

[Event "Turkish Cup 2016"]
[Site "Manavgat TUR"]
[Date "2016.02.01"]
[Round "4.11"]
[White "Sakir, Ridvan"]
[Black "Ozkan, Ervin"]
[Result "1/2-1/2"]
[WhiteElo "2093"]
[BlackElo "2242"]
[WhiteTeam "ADANA"]
[BlackTeam "BURSA"]
[WhiteFideId "6365434"]
[BlackFideId "6306004"]
[EventDate "2016.01.30"]

1. e4 e6 2. d4 d5 3. Nc3 Nf6 4. e5 Nfd7 5. f4 c5 6. Nf3 Nc6 7. Be3 a6 8. Qd2 b5
9. a3 Qb6 10. Nd1 Bb7 11. c3 cxd4 12. Nxd4 Qc7 13. Nxc6 Qxc6 14. Nf2 Nc5 15. Rd1
Rd8 16. Be2 Be7 17. O-O O-O 18. Bd4 Ne4 19. Qe3 f5 20. exf6 gxf6 21. Bd3 Rf7 22.
Rde1 f5 23. Nxe4 dxe4 24. Qg3+ Kf8 25. Be2 Bc5 26. Bh5 Bxd4+ 27. cxd4 Rg7 28.
Qh4 Qd6 29. Qf6+ Kg8 30. Re3 Rf8 31. Qe5 Qxe5 32. dxe5 Rd8 33. Rf2 Rgd7 34. g4
Rg7 35. h3 Rd3 36. Rxd3 exd3 37. Rd2 Be4 38. Kf2 Rc7 39. Ke3 Rc2 40. gxf5 exf5
41. Bd1 Rc1 42. h4 Kf8 43. Bf3 Rc4 44. b3 Rc2 45. Rd1 Bxf3 46. Kxf3 d2 47. Ke2
Rc3 48. Rxd2 Rxb3 49. Rd3 Rb1 50. Ke3 Re1+ 51. Kf2 Re4 52. Kf3 Ra4 53. h5 Ke7
54. h6 Rc4 55. Kg3 Rc6 56. Kh4 Rg6 57. Kh5 Rg4 58. Rd6 Rxf4 59. Rxa6 Re4 60.
Ra7+ Ke6 61. Rxh7 Re3 62. Ra7 Rh3+ 63. Kg6 Rg3+ 64. Kh7 f4 65. Ra6+ Kxe5 66. Ra5
Ke4 67. Rxb5 Rxa3 68. Rb7 Rh3 69. Rf7 f3 70. Kg7 Ke3 71. h7 f2 72. h8=Q Rxh8 73.
Kxh8 Ke2 74. Rxf2+ Kxf2 1/2-1/2

[Event "Turkish Cup 2016"]
[Site "Manavgat TUR"]
[Date "2016.02.01"]
[Round "4.12"]
[White "Alper, Metin"]
[Black "Baglan, Esat"]
[Result "0-1"]
[BlackTitle "FM"]
[WhiteElo "1959"]
[BlackElo "2238"]
[WhiteTeam "KARAMAN"]
[BlackTeam "ISTANBUL"]
[WhiteFideId "6302238"]
[BlackFideId "6309216"]
[EventDate "2016.01.30"]

1. d4 Nf6 2. Nf3 g6 3. e3 Bg7 4. b3 c5 5. Bd3 O-O 6. O-O d5 7. Bb2 Nc6 8. a3 Ne4
9. Nbd2 Nxd2 10. Qxd2 Qc7 11. c4 dxc4 12. bxc4 cxd4 13. exd4 Bg4 14. Be2 Rfd8
15. d5 Bxb2 16. Qxb2 Bxf3 17. gxf3 Ne5 18. Rac1 Rac8 19. Rfd1 b6 20. f4 Nd7 21.
Qd4 Nf6 22. Qe5 Qd6 23. a4 Nd7 24. Qe3 Rc5 25. Re1 Nf6 26. Bf1 Rd7 27. Qe5 Rdc7
28. Ra1 Qd8 29. a5 bxa5 30. Rab1 Ne8 31. f5 Nd6 32. fxg6 hxg6 33. Re3 Qf8 34.
Rbe1 Qg7 35. Qxg7+ Kxg7 36. Rxe7 Rxe7 37. Rxe7 Nxc4 38. Bxc4 Rxc4 39. Rxa7 a4
40. d6 Kf6 41. d7 Ke7 42. d8=Q+ Kxd8 43. Rxf7 Kc8 44. Ra7 Kb8 45. Ra5 Kb7 46.
Kg2 Kb6 47. Ra8 Kb5 48. Kg3 Rc6 49. Kg4 Ra6 50. Rb8+ Kc4 51. Rb1 Ra5 52. Re1 a3
53. Re4+ Kd3 54. Re1 a2 55. Ra1 Kc3 0-1

[Event "Turkish Cup 2016"]
[Site "Manavgat TUR"]
[Date "2016.02.01"]
[Round "4.13"]
[White "Dalgar, Hakki Berat"]
[Black "Demircioglu, Emre"]
[Result "1/2-1/2"]
[WhiteTitle "CM"]
[WhiteElo "1982"]
[BlackElo "2207"]
[WhiteTeam "KARAMAN"]
[BlackTeam "ISTANBUL"]
[WhiteFideId "6347444"]
[BlackFideId "6301878"]
[EventDate "2016.01.30"]

1. d4 Nf6 2. Nf3 g6 3. Nbd2 Bg7 4. e4 d6 5. Bd3 O-O 6. O-O c5 7. c3 cxd4 8. cxd4
Nc6 9. Re1 Nb4 10. Bb1 Bd7 11. Qb3 a5 12. a3 Nc6 13. Qxb7 a4 14. d5 Na5 15. Qb4
Rb8 16. Qd4 Ng4 17. e5 Nxe5 18. Nxe5 Bxe5 19. Qe3 Qb6 20. Qe2 Rfc8 21. Bd3 Nb3
22. Rb1 Nxc1 23. Rexc1 Qd4 24. Nf3 Rxc1+ 25. Rxc1 Qf4 26. Rc4 Qf6 27. Nxe5 dxe5
28. h3 Qd6 29. Re4 Bf5 30. Rxa4 Bxd3 31. Qxd3 Rxb2 32. Ra6 Qc5 33. Qf3 e4 34.
Ra8+ Kg7 35. Qg3 Rb1+ 36. Kh2 Qxd5 37. Qc3+ Kh6 38. Qe3+ Kg7 39. Qc3+ Kh6 40.
Qe3+ Kg7 41. Qc3+ 1/2-1/2

[Event "Turkish Cup 2016"]
[Site "Manavgat TUR"]
[Date "2016.02.01"]
[Round "4.14"]
[White "Metin, Mehmet"]
[Black "Oner, Oguz"]
[Result "1-0"]
[WhiteElo "2149"]
[BlackElo "1858"]
[WhiteTeam "ORDU"]
[BlackTeam "MERSIN"]
[WhiteFideId "6303730"]
[BlackFideId "6329330"]
[EventDate "2016.01.30"]

1. d4 d5 2. Bf4 Nf6 3. e3 c5 4. c3 Nc6 5. Nd2 Bf5 6. Qb3 Qb6 7. Ngf3 c4 8. Qxb6
axb6 9. a3 h6 10. Be2 b5 11. Rc1 Nd7 12. Bd1 g5 13. Bc7 Rc8 14. Bg3 f6 15. O-O
e5 16. dxe5 fxe5 17. e4 dxe4 18. Bc2 Nc5 19. Rfe1 Nd3 20. Bxd3 exd3 21. Nxe5 Be7
22. Nxc6 Rxc6 23. Re5 Rc5 24. Rxc5 Bxc5 25. Re1+ Be7 26. Bd6 Rh7 27. a4 bxa4 28.
Nxc4 Kd7 29. Bxe7 Rxe7 30. Rxe7+ Kxe7 31. f3 b5 32. Ne3 Bg6 33. Kf2 Kd6 34. Nf1
Kc5 35. Nd2 b4 36. cxb4+ Kxb4 37. Ke3 Bf5 38. Kd4 Bg6 39. g3 h5 40. f4 gxf4 41.
gxf4 h4 42. Ke5 a3 43. bxa3+ Kxa3 44. f5 Be8 45. Kd4 Kb4 46. Kxd3 Kc5 47. Ke4
Kd6 48. Kf4 Ke7 49. Nf3 Kf6 50. Ne5 Ba4 51. Ng4+ Kg7 52. Kg5 h3 53. Nf2 Bb5 54.
Nxh3 Ba4 55. Nf4 Bb3 56. Nd3 Bc4 57. Ne5 Bb3 58. h4 Bg8 59. h5 Bh7 60. h6+ Kf8
61. Nd7+ 1-0

[Event "Turkish Cup 2016"]
[Site "Manavgat TUR"]
[Date "2016.02.01"]
[Round "4.15"]
[White "Celik, Berkay"]
[Black "Gokerkan, Cem Kaan"]
[Result "0-1"]
[WhiteElo "1814"]
[BlackElo "2220"]
[WhiteTeam "DUZCE"]
[BlackTeam "ISTANBUL"]
[WhiteFideId "6337848"]
[BlackFideId "6336760"]
[EventDate "2016.01.30"]

1. f4 c5 2. Nf3 g6 3. e3 Bg7 4. c4 Nf6 5. Nc3 O-O 6. Be2 Nc6 7. O-O d5 8. d4
cxd4 9. exd4 Bg4 10. Be3 dxc4 11. Bxc4 Bxf3 12. Qxf3 Nxd4 13. Qxb7 Ng4 14. Bf2
Rb8 15. Qxa7 Nxf2 16. Rxf2 Nc6 17. Qa4 Bd4 18. Qxc6 Bxf2+ 19. Kxf2 Qd4+ 20. Kf3
Rfc8 21. Bxf7+ Kxf7 22. Qd5+ Qxd5+ 23. Nxd5 Rxb2 24. a4 e6 25. Ne3 Rc3 26. a5
Rbb3 27. Re1 Ra3 28. Kf2 Rxa5 29. Re2 h5 30. h3 Ra4 31. Kf3 Kf6 32. g3 Rca3 33.
Rb2 Ra2 34. Rb6 R4a3 35. g4 Rh2 36. g5+ Ke7 37. Rb7+ Kd6 38. Rb6+ Kd7 39. Ke4
Re2 40. Ke5 Raxe3+ 41. Kf6 Rf2 42. Rb4 Rxh3 43. Kxg6 Rhf3 44. Rb7+ Kc6 45. Ra7
Rxf4 46. Kxh5 Rh2+ 47. Kg6 Rg2 48. Ra6+ Kd5 49. Ra5+ Ke4 50. Kh7 Rh4+ 51. Kg6
Rhg4 52. Kf6 Rxg5 53. Ra4+ Kd5 54. Ra5+ Kd6 55. Ra6+ Kc7 0-1

[Event "Turkish Cup 2016"]
[Site "Manavgat TUR"]
[Date "2016.02.01"]
[Round "4.16"]
[White "Unal, Osman"]
[Black "Marasli, Tutku Kahraman"]
[Result "1/2-1/2"]
[WhiteElo "1795"]
[BlackElo "2145"]
[WhiteTeam "ORDU"]
[BlackTeam "KAYSERI"]
[WhiteFideId "6321224"]
[BlackFideId "6307493"]
[EventDate "2016.01.30"]

1. e4 c5 2. Nc3 Nc6 3. f4 e6 4. Bb5 Nge7 5. Nf3 a6 6. Bxc6 Nxc6 7. O-O d5 8. d3
Be7 9. Kh1 b5 10. e5 O-O 11. Ne2 f6 12. d4 cxd4 13. Nexd4 Nxd4 14. Nxd4 fxe5 15.
fxe5 Rxf1+ 16. Qxf1 Qc7 17. Bf4 Bd7 18. Qd3 Rf8 19. Bg3 Qc4 20. a3 Qxd3 21. cxd3
Rc8 22. Bf4 g5 23. Bd2 Kf7 24. Rc1 Rxc1+ 25. Bxc1 h6 26. b4 Bd8 27. g4 a5 28.
Bb2 a4 29. Kg2 Bc7 30. Nc2 Be8 31. d4 Kg7 32. Ne1 Bg6 33. Kg3 Be4 34. Bc3 Bd8
35. h3 Kg6 36. Bb2 Be7 37. Bc3 h5 38. Bb2 h4+ 39. Kf2 1/2-1/2

[Event "Turkish Cup 2016"]
[Site "Manavgat TUR"]
[Date "2016.02.01"]
[Round "4.17"]
[White "Soysal, Serkan"]
[Black "Pektas, Yigit"]
[Result "1-0"]
[WhiteTitle "FM"]
[WhiteElo "2349"]
[BlackElo "1815"]
[WhiteTeam "KAHRAMANMARAS"]
[BlackTeam "ANTALYA"]
[WhiteFideId "6349250"]
[BlackFideId "6367046"]
[EventDate "2016.01.30"]

1. Nf3 Nf6 2. c4 c6 3. Nc3 d5 4. d4 e6 5. e3 Bd6 6. Qc2 Nbd7 7. Bd3 O-O 8. O-O
dxc4 9. Bxc4 b5 10. Be2 Bb7 11. Rd1 Qe7 12. Ng5 Rac8 13. Bf3 h6 14. Nge4 Bb8 15.
b4 Nxe4 16. Nxe4 Qxb4 17. a4 Qe7 18. Ba3 b4 19. Bxb4 Qxb4 20. Rab1 Qa5 21. Rxb7
Nb6 22. Nc5 Bd6 23. Qd2 Qxd2 24. Rxd2 Bxc5 25. dxc5 Nxa4 26. Rc2 a5 27. h3 Rb8
28. Rxb8 Rxb8 29. Bxc6 Nb2 30. Bd7 1-0

[Event "Turkish Cup 2016"]
[Site "Manavgat TUR"]
[Date "2016.02.01"]
[Round "4.18"]
[White "Erdogdu, Mert"]
[Black "Daghan, Devran"]
[Result "1-0"]
[WhiteTitle "IM"]
[WhiteElo "2438"]
[BlackElo "2004"]
[WhiteTeam "ISTANBUL"]
[BlackTeam "KARAMAN"]
[WhiteFideId "6301495"]
[BlackFideId "6371930"]
[EventDate "2016.01.30"]

1. e4 c5 2. Nf3 d6 3. d4 cxd4 4. Nxd4 Nf6 5. Nc3 g6 6. Be3 Bg7 7. f3 O-O 8. Bc4
Nc6 9. Qd2 Bd7 10. h4 Ne5 11. Bb3 h5 12. O-O-O Qa5 13. Kb1 Rfc8 14. Bg5 Kf8 15.
g4 hxg4 16. h5 Nxh5 17. Bxe7+ Kg8 18. Rxh5 Rxc3 19. bxc3 gxh5 20. Qg5 Nc6 21.
Qg6 Ne5 22. Bxf7+ Nxf7 23. Bf6 1-0

[Event "Turkish Cup 2016"]
[Site "Manavgat TUR"]
[Date "2016.02.01"]
[Round "4.19"]
[White "Koksal, Ege"]
[Black "Alaz, Ahmet Efekan"]
[Result "1-0"]
[WhiteTitle "FM"]
[WhiteElo "2331"]
[BlackElo "1868"]
[WhiteTeam "MANISA"]
[BlackTeam "IZMIR"]
[WhiteFideId "6317626"]
[BlackFideId "6326005"]
[EventDate "2016.01.30"]

1. d4 c6 2. c4 d6 3. Nc3 Qc7 4. g3 Nf6 5. Bg2 e5 6. Nf3 Bg4 7. O-O Be7 8. h3
Bxf3 9. Bxf3 Nbd7 10. e3 O-O 11. b3 Rfe8 12. Bb2 Bf8 13. Qc2 Rad8 14. Rad1 a6
15. Rd2 exd4 16. Rxd4 Nc5 17. Rfd1 Ne6 18. R4d2 Qa5 19. Bg2 Be7 20. Ne2 Nd7 21.
Bc3 Qc7 22. Nd4 Nxd4 23. Bxd4 Nf8 24. Bc3 Rd7 25. h4 Ne6 26. Be4 h6 27. Bh7+ Kh8
28. Bf5 Bf8 29. Qb2 Red8 30. Qb1 Re8 31. Qe4 Kg8 32. Qg4 Qd8 33. Bc2 Qe7 34. Kg2
b6 35. Qe4 g6 36. Qxc6 Rb8 37. h5 gxh5 38. Qe4 Ng5 39. Qd4 f6 40. Qxf6 Bg7 41.
Qxg7+ Qxg7 42. Bxg7 1-0

[Event "Turkish Cup 2016"]
[Site "Manavgat TUR"]
[Date "2016.02.01"]
[Round "4.20"]
[White "Agdelen, Huseyin Can"]
[Black "Ererdem, Gani Eren"]
[Result "1/2-1/2"]
[WhiteElo "1992"]
[BlackElo "2152"]
[WhiteTeam "K.K.T.C."]
[BlackTeam "KARAMAN"]
[WhiteFideId "6352260"]
[BlackFideId "6310915"]
[EventDate "2016.01.30"]

1. e4 c5 2. Nf3 d6 3. d4 cxd4 4. Nxd4 Nf6 5. Nc3 a6 6. h3 e6 7. g4 Be7 8. Bg2
Nfd7 9. O-O Nc6 10. Be3 O-O 11. Qe2 Nxd4 12. Bxd4 b5 13. a4 b4 14. Na2 e5 15.
Be3 a5 16. Rfd1 Ba6 17. Qe1 Nb6 18. b3 Qb8 19. c3 bxc3 20. Nxc3 Nd7 21. Nd5 Bd8
22. b4 axb4 1/2-1/2

[Event "Turkish Cup 2016"]
[Site "Manavgat TUR"]
[Date "2016.02.01"]
[Round "4.21"]
[White "Kucuk, Dogan"]
[Black "Ozveren, Ali Bulent"]
[Result "1-0"]
[WhiteElo "2066"]
[BlackElo "1953"]
[WhiteTeam "ANTALYA"]
[BlackTeam "BOLU"]
[WhiteFideId "6312985"]
[BlackFideId "6303188"]
[EventDate "2016.01.30"]

1. e4 c6 2. d4 d5 3. exd5 cxd5 4. Bd3 g6 5. c3 Nf6 6. Bf4 Nc6 7. h3 Nh5 8. Bh2
Bh6 9. Ne2 O-O 10. Nd2 f5 11. Qc2 Be6 12. Nf3 Rc8 13. a3 Qe8 14. Ne5 f4 15. Nxc6
bxc6 16. Ng1 Bf5 17. Nf3 c5 18. Bxf5 Rxf5 19. O-O Bg7 20. Qe2 Qf7 21. Rae1 Rc7
22. g4 fxg3 23. fxg3 cxd4 24. cxd4 Rc4 25. g4 Nf4 26. Bxf4 Rxf4 27. Ng5 Bxd4+
28. Kh1 Rc2 29. Qb5 Rxf1+ 30. Rxf1 Rxb2 31. Qa6 Qxf1+ 32. Qxf1 Bf6 33. Nf3 Ra2
34. Qd3 e6 35. Qa6 Ra1+ 36. Kg2 1-0

[Event "Turkish Cup 2016"]
[Site "Manavgat TUR"]
[Date "2016.02.01"]
[Round "4.22"]
[White "Demir, Bilal"]
[Black "Gundogan, Sinem Cagla"]
[Result "1-0"]
[BlackTitle "WCM"]
[WhiteElo "2132"]
[BlackElo "2002"]
[WhiteTeam "BURDUR"]
[BlackTeam "KOCAELI"]
[WhiteFideId "4662369"]
[BlackFideId "6325378"]
[EventDate "2016.01.30"]

1. d4 d5 2. c4 e6 3. Nf3 Nf6 4. Nc3 Nbd7 5. e3 c6 6. Bd3 Be7 7. O-O O-O 8. e4
dxc4 9. Bxc4 b5 10. Bd3 a6 11. Qe2 Re8 12. Rd1 Bb7 13. Bg5 Qc7 14. Rac1 e5 15.
dxe5 Nxe5 16. Nxe5 Qxe5 17. f4 Qe6 18. e5 Nd7 19. Ne4 Nf8 20. Bxe7 Rxe7 21. Nc5
Qh6 22. Qf3 Bc8 23. h3 Rb8 24. Be4 Bd7 25. Nxd7 1-0

[Event "Turkish Cup 2016"]
[Site "Manavgat TUR"]
[Date "2016.02.01"]
[Round "4.26"]
[White "Demirag, Batuhan"]
[Black "Soyek, Ramazan"]
[Result "1-0"]
[WhiteElo "1830"]
[BlackElo "1982"]
[WhiteTeam "YALOVA"]
[BlackTeam "BURDUR"]
[WhiteFideId "6356133"]
[BlackFideId "6314953"]
[EventDate "2016.01.30"]

1. Nf3 Nf6 2. c4 e6 3. g3 d5 4. b3 c5 5. Bg2 Nc6 6. Bb2 d4 7. d3 Bd6 8. Nbd2 O-O
9. Ng5 e5 10. O-O Ng4 11. Nge4 Be7 12. h3 Nh6 13. Nf3 f5 14. Ned2 Be6 15. b4
cxb4 16. a3 Nf7 17. axb4 Bxb4 18. Ba3 Bxa3 19. Rxa3 Nd6 20. Ne1 Qe7 21. Qa1 e4
22. Nb3 Rfd8 23. Nc2 Nf7 24. Ra2 Qd6 25. Kh2 Nfe5 26. Rd1 exd3 27. exd3 f4 28.
Nbxd4 Nxd4 29. Nxd4 Qxd4 30. Qxd4 Rxd4 31. Re1 Rxd3 32. Rxe5 Bxc4 33. Rc2 Bb3
34. Rc7 f3 35. Bh1 a5 36. Rxb7 a4 37. Ree7 a3 38. Rxg7+ Kf8 39. Rxh7 a2 40. Rxb3
a1=Q 41. Rxd3 Rb8 42. Bxf3 Kg8 43. Rdd7 Qb2 44. Bd5+ Kf8 45. Rdf7+ Ke8 46. Bc6+ 1-0

[Event "Turkish Cup 2016"]
[Site "Manavgat TUR"]
[Date "2016.02.01"]
[Round "4.28"]
[White "Gozubuyukoglu, Selami"]
[Black "Sumer, Gun"]
[Result "0-1"]
[WhiteElo "1805"]
[BlackElo "1969"]
[WhiteTeam "ERZURUM"]
[BlackTeam "SIVAS"]
[WhiteFideId "6318053"]
[BlackFideId "6311784"]
[EventDate "2016.01.30"]

1. d4 Nf6 2. Nf3 e6 3. c4 Bb4+ 4. Bd2 Qe7 5. Nc3 O-O 6. e3 b6 7. Be2 Bb7 8. O-O
Bxc3 9. Bxc3 Ne4 10. Qc2 d6 11. Nd2 Nxc3 12. Qxc3 Nd7 13. Bf3 Bxf3 14. Nxf3 f5
15. Rfe1 g5 16. Nd2 Rf6 17. e4 Raf8 18. exf5 Rxf5 19. Re2 Qf7 20. f3 e5 21. d5
Nf6 22. Qe3 Kh8 23. h3 Rf4 24. Rc1 Qg6 25. a3 a5 26. b4 axb4 27. axb4 h5 28. Rf1
Kg7 29. Ra1 g4 30. fxg4 hxg4 31. h4 g3 32. Ra3 Rxh4 33. Qxg3 Rg4 34. Qd3 Qxd3
35. Rxd3 b5 36. cxb5 Rxb4 37. Nf3 Rxb5 38. Ng5 Rb1+ 39. Kh2 Rh8+ 40. Nh3 Rh6 41.
Rc2 Rb7 42. Kg1 Rg6 43. Nf2 Kf7 44. Nd1 Ke7 45. Ne3 Kd7 46. Rf2 Rb1+ 47. Nf1 Re1
48. Rfd2 Ng4 49. Rf3 Rg7 50. Rg3 Rxf1+ 51. Kxf1 Nh2+ 52. Kg1 Rxg3 53. Kxh2 Rg5
54. Kh3 e4 55. Kh4 e3 56. Re2 Re5 57. g4 Ke7 58. Kg3 Kf6 59. Kf4 Rxd5 60. Rxe3
Rd4+ 61. Kf3 Kg5 62. Re7 c5 63. Rg7+ Kf6 64. Rg8 c4 65. Ke3 Rd3+ 66. Ke2 d5 67.
g5+ Kf7 68. Rd8 Kg6 69. Rg8+ Kh5 70. Rg7 Rg3 71. Rg8 Rxg5 72. Rh8+ Kg6 73. Ke3
Rg3+ 74. Ke2 Rd3 75. Rf8 d4 76. Rf4 Kg5 77. Rf7 Re3+ 78. Kd2 c3+ 79. Kd1 Rd3+
80. Kc1 Rd2 81. Rf1 Kg4 82. Rf8 d3 83. Rg8+ Kf3 84. Rf8+ Kg2 85. Rg8+ Kf1 86.
Rc8 Rc2+ 87. Kd1 Kf2 88. Rf8+ Ke3 89. Re8+ Kd4 90. Rd8+ Kc4 91. Rc8+ Kb3 92.
Rb8+ Ka2 93. Rd8 Kb1 94. Rxd3 Rc1+ 95. Ke2 Kc2 96. Rd8 Rh1 97. Ra8 Kb2 98. Rb8+
Kc1 99. Ra8 Rh2+ 100. Ke1 c2 101. Rb8 Rh5 102. Ke2 Re5+ 103. Kd3 Kd1 104. Rh8
c1=Q 105. Kd4 0-1

[Event "Turkish Cup 2016"]
[Site "Manavgat TUR"]
[Date "2016.02.01"]
[Round "4.29"]
[White "Arca, Ekin"]
[Black "Kerigan, Demre"]
[Result "0-1"]
[BlackTitle "IM"]
[WhiteElo "1844"]
[BlackElo "2378"]
[WhiteTeam "K.K.T.C."]
[BlackTeam "ISTANBUL"]
[WhiteFideId "5901227"]
[BlackFideId "6307841"]
[EventDate "2016.01.30"]

1. d4 d5 2. c4 e6 3. g3 c5 4. cxd5 exd5 5. Nf3 Nc6 6. Bg2 Nf6 7. O-O Be7 8. Nc3
O-O 9. h3 Re8 10. Be3 c4 11. Ne5 Bf5 12. g4 Bc8 13. g5 Ne4 14. f4 Nxc3 15. bxc3
Bf5 16. Qa4 Bf8 17. Bc1 Re6 18. Qb5 Ne7 19. Ba3 Rb6 20. Qa5 Nc6 21. Qxd5 Qxd5
22. Bxd5 Bxa3 23. Bxf7+ Kf8 24. Bxc4 Bb2 25. e4 Bxa1 26. Rxa1 Nxe5 27. fxe5 Bxe4
28. Rf1+ Ke8 29. Rf4 Rc8 30. Bf7+ Ke7 31. d5 Rxc3 32. d6+ Kd7 33. Rxe4 Rb1+ 34.
Kg2 Rb2+ 35. Kf1 Rc1+ 36. Re1 Rxe1+ 37. Kxe1 Rb5 38. e6+ Kxd6 39. h4 Rb2 40. h5
Rxa2 41. e7 Ra1+ 0-1